000 01118nam a2200289 i 4500
001 bg
100 1 _aCORFIELD, Rebecca
245 1 0 _aRozmowa kwalifikacyjna /
_cRebecca Corfiled[!] ; [tł. Ewa Dziekońska].
246 _iTyt. oryg.:
_aSuccessful interview skills
260 _aGliwice :
_b"Helion",
_ccop. 2004.
300 _a103 s. ;
_c20 cm.
490 1 _aOnepress Quick
500 _aTyt. oryg.: "Successful interview skills" 2003. Prawidłowa nazwa aut.: Rebecca Corfield. U dołu s. tyt. i okł.: Plus minisłowniczek polsko-angielsko-niemiecki. Słowniczek polsko-angielsko-niemiecki do książki Rozmowa kwalifikacyjna / Katarzyna Tatar. - 6 s. ; 16 cm.
650 9 _aRozmowa kwalifikacyjna
655 _aPoradniki
700 1 _aTATAR, Katarzyna
700 1 _aDZIEKOŃSKA, Ewa.
_eTł.
830 _aOnepress Quick
020 _a8373615709
040 _cBPK
041 1 _apol
_heng
080 _a331.108(083.1)
920 _a83-7361-570-9
942 _cKS
008 s pl f |000 0 pol
999 _c45752
_d45752
856 _uhttp://koha.tu.koszalin.pl/cgi-bin/koha/opac-detail.pl?biblionumber=45752
_yKatalog online BPK